| 000 | 00806nac a22002531u 4500 | ||
|---|---|---|---|
| 010 | _a008729420 | ||
| 020 | _a0273638459 (pbk) | ||
| 082 |
_a346.41059 _bEDW |
||
| 090 |
_c6465 _d6465 |
||
| 100 | _aEdwards, Richard, | ||
| 245 |
_aTrusts and equity / _c Richard Edwards, Nigel Stockwell. |
||
| 250 | _a4th ed. | ||
| 260 |
_aLondon : _bFinancial Times Pitman Pub., c1999. _cc1999. |
||
| 300 |
_axxvi, 480p. ; _c25cm. |
||
| 490 | _a( Foundation studies in law) | ||
| 500 | _aDistributer: Al-Ahram. | ||
| 500 | _aPrevious ed.: 1997. | ||
| 504 | _aIncludes index. | ||
| 511 | _aCatalogued By: Mahitab. | ||
| 650 | _aTrusts and trustees -- Great Britain. | ||
| 650 | _aEquity -- Great Britain. | ||
| 700 | _aStockwell, Nigel. | ||
| 942 |
_cBB _k346.41059 EDW |
||
| 999 |
_c6465 _d6465 |
||